00350 2200145 4500001002100000005001500021035002000036082000800056084001400064100001800078245005300096260003100149300001200180990001200192INLIS00000000000230420250528084644 a0010-0525000596 a813 a813 DAL m0 aDale Cernegil1 aMenggali Rasa Lemas dan Depresi /cDale Cernegil aYogyakarta :bThink,c2007 a424 hlm a0712603